000 01433nam a2200301 a 4500
001 000042662
005 20241130074013.0
008 140204s2012 dr 000 0 spa d
020 _z9879945481112
040 _aDO-SdBNP
_bspa
_cBNPHU
082 _a801.92
_bP348m
100 1 _aPérez, Odalís
_d1952-
_923828
245 1 3 _aLa miseria de la razón política /
_cOdalís G. Pérez.
260 _aSanto Domingo, :
_bCentenario,
_c2012.
300 _a242 p. ;
_c23 cm.
500 _aIncluye datos biográficos del autor en las solapas de la cubierta.
504 _aBibliografía: p. 237-242.
505 0 _tEl pasado que es presente --
_tOtro tiempo de la interpretación --
_tInsularismo, crítica y política --
_tMovimientos de la crítica literaria y cultural --
_tComplementos: textos, visiones, reversiones --
_gConclusiones --
_gBibliografía.
590 _aInventariado, 2018/ YL
650 4 _aCreación literaria, artística, etc.
_918866
650 0 _aEnsayos dominicanos
_965
650 4 _aIntelectuales
_xActividad política
_zRepública Dominicana
_965758
650 4 _aMovimientos literarios
_yCRÍTICA E INTERPRETACIÓN
_947251
650 4 _aCultura
_zRepública Dominicana
_xEnsayos, conferencias, etc.
_927116
650 4 _aLiteratura dominicana
_xCrítica e interpretación
_9216
651 4 _aRepública Dominicana
_xVida Intelectual
_xEnsayos, Conferencias, Etc.
_910049
910 _aValidado. Control de calidad EMS.
999 _c42151
_d42151